000
00257nam a2200085Ia 4500
008
160531s9999 xx 000 0 und d
245
_a
Basic Data Analysis and More: A Guided Tour Using Python
260
_c
2012
856
_u
http://arxiv.org/pdf/1207.6002v1.pdf
999
_c
295289
_d
295289